Concrete technology (Record no. 4023)

000 -LEADER
fixed length control field 00455nam a22001817a 4500
001 - CONTROL NUMBER
control field 4023
003 - CONTROL NUMBER IDENTIFIER
control field BD-DhUET
008 - FIXED-LENGTH DATA ELEMENTS--GENERAL INFORMATION
fixed length control field 141111b xxu||||| |||| 00| 0 eng d
040 ## - CATALOGING SOURCE
Transcribing agency 0
Modifying agency BD-DhUET
082 ## - DEWEY DECIMAL CLASSIFICATION NUMBER
Classification number 620.136
Item number SHE/1982
100 ## - MAIN ENTRY--PERSONAL NAME
Personal name Shetty, M. S.
245 ## - TITLE STATEMENT
Title Concrete technology
Remainder of title theory and practice
250 ## - EDITION STATEMENT
Edition statement 1st ed.
260 ## - PUBLICATION, DISTRIBUTION, ETC. (IMPRINT)
Place of publication, distribution, etc. New Delhi
Name of publisher, distributor, etc. S. Chand
Date of publication, distribution, etc. 1982
300 ## - PHYSICAL DESCRIPTION
Extent xiv, 592p.
Other physical details ill.
650 #0 - SUBJECT ADDED ENTRY--TOPICAL TERM
Topical term or geographic name as entry element Concrete - Engineering
942 ## - ADDED ENTRY ELEMENTS (KOHA)
Koha item type General Book
Holdings
Price effective from Koha issues (times borrowed) Lost status Copy number Date acquired Koha normalized classification for sorting Koha date last borrowed Koha collection Sublocation or collection (holding branch) Koha date last seen Withdrawn status Not for loan Damaged status Piece designation (barcode) Koha item type Shelving location Koha full call number Location (home branch) Source of classification or shelving scheme
2014-11-111 22014-11-11620_000000000000000_136SHE19822014-11-11 Central Library, BUET2014-12-23   58310General BookCirculation section620.136/SHE/1982Central Library, BUET 
2014-11-161 12014-11-16620_000000000000000_136SHE19822014-11-16 Central Library, BUET2017-06-05   56438General BookCirculation section620.136/SHE/1982Central Library, BUET 
2014-11-181 32014-11-18620_136000000000000_SHE_19822014-11-18 Central Library, BUET2016-09-03   58315General BookCirculation section620.136/SHE/1982Central Library, BUET 
2014-11-262 42014-11-26620_000000000000000_136SHE19822016-03-05 Central Library, BUET2016-08-21   58312General BookCirculation section620.136/SHE/1982Central Library, BUET 
2015-02-05  52015-02-05620_136000000000000_SHE_1982 Non FictionCentral Library, BUET2015-02-05   58311General BookCirculation section620.136/SHE/1982Central Library, BUET 
2015-06-14  62015-06-14620_136000000000000_SHE_1982  Central Library, BUET2015-06-14   58308Reading ItemReading section620.136/SHE/1982Central Library, BUET 
2015-06-15  72015-06-15620_136000000000000_SHE_1982  Central Library, BUET2015-06-15   58309Reading ItemReading section620.136/SHE/1982Central Library, BUET 
2015-06-16  82015-06-16620_136000000000000_SHE_1982  Central Library, BUET2015-06-16   58313Reading ItemReading section620.136/SHE/1982Central Library, BUET 
2015-06-16  92015-06-16620_136000000000000_SHE_1982  Central Library, BUET2015-06-16   58314Reading ItemReading section620.136/SHE/1982Central Library, BUET 
2015-06-20  102015-06-20620_136000000000000_SHE_1982  Central Library, BUET2015-06-20   58316Reading ItemReading section620.136/SHE/1982Central Library, BUET 
2015-06-23  112015-06-23620_136000000000000_SHE_1982  Central Library, BUET2015-06-23   55327Reading ItemReading section620.136/SHE/1982Central Library, BUET